[Event "FRA-chT4 0405"]
[Site "Bretagne"]
[Date "2005.03.13"]
[Round "6"]
[White "Le Noir, Pierre"]
[Black "Blanchard, Steevy"]
[Result "1/2-1/2"]
[WhiteElo "1880"]
[BlackElo "1890"]
[PlyCount "71"]
[EventDate "2004.04.03"]
[EventType "team"]
[EventRounds "7"]
[EventCountry "FRA"]
[SourceTitle "EXT 2007"]
[Source "ChessBase"]
[SourceDate "2006.11.23"]
[SourceVersion "1"]
[SourceVersionDate "2006.11.23"]
[SourceQuality "1"]

1. e4 c5 2. d4 cxd4 3. c3 dxc3 4. Nxc3 d6 5. Nf3 Nc6 6. Bc4 e6 7. 0-0 Be7 8. Re1 Nf6 9. e5 dxe5 10. Qxd8+ Bxd8 11. Nxe5 Nxe5 12. Rxe5 0-0 13. h3 a6 14. a4 Nd7 15. Re1 Nb6 16. Bb3 Bd7 17. a5 Nc8 18. Ne4 Be7 19. Be3 Bc6 20. Nc3 Bf6 21. Bc5 Rd8 22. Rad1 Ne7 23. Bb6 Rxd1 24. Rxd1 Bxc3 25. bxc3 Nd5 26. Bxd5 Bxd5 27. f3 Kf8 28. Kf2 Ke7 29. Ke3 Rc8 30. Kd2 Kd7 31. Rb1 Rc4 32. Rb4 Kc6 33. Bd4 Rxb4 34. cxb4 Kb5 35. Bc5 Kc4 36. Ke3 1/2-1/2

[Event "Morbihan-ch 0405"]
[Site "Arradon"]
[Date "2004.11.20"]
[Round "2"]
[White "Blanchard, Steevy"]
[Black "Tripoteau, Nicolas"]
[Result "0-1"]
[WhiteElo "1990"]
[BlackElo "2250"]
[PlyCount "54"]
[EventDate "2004.10.10"]
[EventType "swiss"]
[EventRounds "7"]
[EventCountry "FRA"]
[SourceTitle "EXT 2007"]
[Source "ChessBase"]
[SourceDate "2006.11.23"]
[SourceVersion "1"]
[SourceVersionDate "2006.11.23"]
[SourceQuality "1"]

1. d4 Nf6 2. c4 e5 3. dxe5 Ne4 4. Nf3 d6 5. e3 Nc6 6. exd6 Bxd6 7. Be2 Qf6 8. 0-0 Qh6 9. g3 Bh3 10. Re1 0-0-0 11. Qc2 Bf5 12. Nd4 Nxd4 13. exd4 Qg6 14. Qb3 Rhe8 15. Be3 Bxg3 16. fxg3 Nxg3 17. Bf3 Be4 18. Nd2 Nf5+ 19. Kf2 Bxf3 20. Nxf3 Nd6 21. Rg1 Qh5 22. Raf1 f5 23. Rxg7 Ne4+ 24. Kg2 Rg8 25. Rg3 Nxg3 26. hxg3 Qg4 27. Bf4 Qxf4 0-1

[Event "FRA-chT3 0405"]
[Site "France"]
[Date "2004.11.07"]
[Round "2"]
[White "Blanchard, Steevy"]
[Black "Schutz, Vincent"]
[Result "0-1"]
[WhiteElo "1900"]
[BlackElo "1840"]
[PlyCount "58"]
[EventDate "2004.10.10"]
[EventType "team"]
[EventRounds "9"]
[EventCountry "FRA"]
[SourceTitle "EXT 2007"]
[Source "ChessBase"]
[SourceDate "2006.11.23"]
[SourceVersion "1"]
[SourceVersionDate "2006.11.23"]
[SourceQuality "1"]

1. d4 d5 2. c4 c6 3. cxd5 cxd5 4. Nc3 Nc6 5. Nf3 Nf6 6. Bf4 Bf5 7. e3 a6 8. a3 e6 9. Be2 Be7 10. 0-0 0-0 11. Rc1 Rc8 12. b4 b5 13. Nd2 Bd6 14. Bxd6 Qxd6 15. Nb3 e5 16. Bf3 e4 17. Be2 Nd7 18. Bg4 Bxg4 19. Qxg4 f5 20. Qd1 f4 21. Nc5 f3 22. g3 Ne7 23. Qb3 Nb6 24. N3xe4 Qh6 25. Kh1 Nc4 26. Nc3 Nd2 27. Qa2 Nxf1 28. Rxf1 Rf5 29. e4 Qh3 0-1

[Event "FRA-chT3 0405"]
[Site "France"]
[Date "2004.10.10"]
[Round "1.3"]
[White "Cougoulic, Guillaume"]
[Black "Blanchard, Steevy"]
[Result "0-1"]
[WhiteElo "1830"]
[BlackElo "1900"]
[PlyCount "59"]
[EventDate "2004.10.10"]
[EventType "team"]
[EventRounds "9"]
[EventCountry "FRA"]
[SourceTitle "EXT 2007"]
[Source "ChessBase"]
[SourceDate "2006.11.23"]
[SourceVersion "1"]
[SourceVersionDate "2006.11.23"]
[SourceQuality "1"]

1. e4 c5 2. Nc3 d6 3. f4 a6 4. Nf3 Nc6 5. g3 Bg4 6. Bg2 Nf6 7. 0-0 e6 8. d3 Be7 9. Ne2 d5 10. e5 Nd7 11. c3 0-0 12. Kh1 Rc8 13. h3 Bf5 14. g4 Bg6 15. Ng3 h6 16. Qe2 Bh7 17. f5 exf5 18. gxf5 Bh4 19. Nxh4 Qxh4 20. Bf4 Rce8 21. d4 cxd4 22. cxd4 Nxd4 23. Qd3 Nc6 24. Qxd5 Ncxe5 25. Rae1 Nf6 26. Qxb7 Nd3 27. Rxe8 Rxe8 28. Kh2 Nxf4 29. Qb4 Nd3 30. Qe7 0-1

[Event "FRA-chT4 0304"]
[Site "Bretagne"]
[Date "2004.02.01"]
[Round "5"]
[White "Le Duigou, Jean Guy"]
[Black "Blanchard, Steevy"]
[Result "0-1"]
[WhiteElo "2120"]
[BlackElo "1930"]
[PlyCount "82"]
[EventDate "2003.10.12"]
[EventType "team"]
[EventRounds "9"]
[EventCountry "FRA"]
[SourceTitle "EXT 2005"]
[Source "ChessBase"]
[SourceDate "2004.11.15"]
[SourceVersion "1"]
[SourceVersionDate "2004.11.15"]
[SourceQuality "1"]

1. d4 d5 2. Nf3 Nf6 3. c4 c6 4. Nc3 Bf5 5. Qb3 b6 6. cxd5 cxd5 7. e4 dxe4 8. Bb5+ Bd7 9. Ne5 e6 10. Bg5 Be7 11. Bxf6 Bxf6 12. Nxe4 Bxe5 13. dxe5 0-0 14. 0-0 Bxb5 15. Qxb5 Qd4 16. Nd6 a6 17. Qe2 Nd7 18. Rfe1 Nc5 19. Rad1 Qf4 20. g3 Qb4 21. a3 Qa4 22. b4 Nd7 23. Rd3 Qc6 24. Red1 b5 25. Nf5 exf5 26. Rxd7 Rfe8 27. R7d6 Qc3 28. e6 Qf6 29. exf7+ Qxf7 30. Qd3 f4 31. Rd7 Qf6 32. Qd5+ Kh8 33. Rf7 Qc3 34. Rxf4 Qxa3 35. Rfd4 h6 36. Qh5 Rac8 37. g4 Qf3 38. Qg6 Rf8 39. R4d2 Rc4 40. Qe6 Rxg4+ 41. Kf1 Qg2+ 0-1

[Event "FRA-chT4 0304"]
[Site "Bretagne"]
[Date "2003.11.16"]
[Round "2"]
[White "Le Moine, Cedric"]
[Black "Blanchard, Steevy"]
[Result "0-1"]
[WhiteElo "1960"]
[BlackElo "1870"]
[PlyCount "96"]
[EventDate "2003.10.12"]
[EventType "team"]
[EventRounds "9"]
[EventCountry "FRA"]
[SourceTitle "EXT 2005"]
[Source "ChessBase"]
[SourceDate "2004.11.15"]
[SourceVersion "1"]
[SourceVersionDate "2004.11.15"]
[SourceQuality "1"]

1. e4 c5 2. d3 d6 3. g3 Nc6 4. Bg2 Nf6 5. f4 Qc7 6. Nf3 e6 7. 0-0 Be7 8. h3 Rb8 9. c3 b5 10. Be3 0-0 11. Qc2 d5 12. Nbd2 Bb7 13. Rad1 Rfc8 14. Qb1 dxe4 15. dxe4 b4 16. Rc1 Rd8 17. Nb3 Nd7 18. Rfd1 a5 19. cxb4 cxb4 20. Rd2 Nf6 21. Nbd4 Qc8 22. Ne5 Rd6 23. Nexc6 Bxc6 24. e5 Rxd4 25. Rxd4 Nd5 26. Bxd5 exd5 27. Kh2 Qa6 28. Qd3 Bb5 29. Qd1 Bc6 30. Rd2 Rd8 31. Bd4 h6 32. Rdc2 Bb5 33. Bc5 Bxc5 34. Rxc5 d4 35. Rc7 d3 36. Qd2 Qb6 37. Re7 Qd4 38. Rcc7 Bc4 39. b3 Qe4 40. Red7 Rxd7 41. Rxd7 Qe2+ 42. Qxe2 dxe2 43. bxc4 e1Q 44. Rc7 Qf2+ 45. Kh1 Qxa2 46. c5 b3 47. c6 b2 48. Rb7 b1Q+ 0-1

[Event "Morbihan-ch 0304"]
[Site "Morbihan"]
[Date "2003.10.18"]
[Round "1"]
[White "Blanchard, Steevy"]
[Black "Pouliquen, Alain"]
[Result "1/2-1/2"]
[WhiteElo "1870"]
[BlackElo "1610"]
[PlyCount "58"]
[EventDate "2003.10.??"]
[EventType "swiss"]
[EventRounds "7"]
[EventCountry "FRA"]
[SourceTitle "EXT 2005"]
[Source "ChessBase"]
[SourceDate "2004.11.15"]
[SourceVersion "1"]
[SourceVersionDate "2004.11.15"]
[SourceQuality "1"]

1. d4 d5 2. c4 c6 3. Nc3 Nf6 4. cxd5 cxd5 5. Nf3 e6 6. Bf4 Be7 7. e3 0-0 8. Bd3 Nc6 9. a3 Nh5 10. Bg3 Bd7 11. Nd2 Nxg3 12. hxg3 g6 13. b4 Rc8 14. Na4 Qe8 15. Nc5 Bxc5 16. bxc5 e5 17. dxe5 Nxe5 18. Be2 Rxc5 19. 0-0 Bb5 20. Nb3 Bxe2 21. Qxe2 Qb5 22. Qxb5 Rxb5 23. Nd4 Rc5 24. Rfd1 Rd8 25. Nb3 Rcc8 26. Rd2 Rd7 27. Rad1 Nc4 28. Rxd5 Rxd5 29. Rxd5 Nxa3 1/2-1/2

[Event "Bretagne op-B"]
[Site "Queven"]
[Date "1999.??.??"]
[Round "4"]
[White "Blanchard, Steevy"]
[Black "Guillaume, Mathieu"]
[Result "0-1"]
[WhiteElo "1510"]
[BlackElo "1430"]
[PlyCount "106"]
[EventDate "1999.06.??"]
[EventType "swiss"]
[EventRounds "7"]
[EventCountry "FRA"]
[SourceTitle "EXT 2001"]
[Source "ChessBase"]
[SourceDate "2000.11.22"]
[SourceVersion "1"]
[SourceVersionDate "2000.11.22"]
[SourceQuality "1"]

1. d4 e6 2. c4 d5 3. e3 Nf6 4. Nf3 Nc6 5. a3 Bd6 6. c5 Be7 7. Bd3 b6 8. cxb6 axb6 9. Nc3 Ba6 10. Bxa6 Rxa6 11. 0-0 Bd6 12. Qc2 Ra5 13. Bd2 Ne7 14. Na2 Ra7 15. Bb4 0-0 16. Bxd6 Qxd6 17. Nc3 c6 18. Rac1 Rc8 19. Rfd1 Ra5 20. Re1 c5 21. dxc5 Raxc5 22. Qd2 Ng6 23. Nb5 Qd7 24. Rxc5 Rxc5 25. Nbd4 Ne4 26. Qb4 Qc7 27. Qa4 h6 28. Qd1 e5 29. Nb3 Rc2 30. Re2 Rxe2 31. Qxe2 Qc4 32. Qxc4 dxc4 33. Nbd2 c3 34. bxc3 Nxc3 35. Kf1 f6 36. Ke1 b5 37. Kf1 Kf7 38. Ne1 Ke6 39. Nc2 Kd6 40. f3 Ne7 41. Ne4+ Nxe4 42. fxe4 Kc5 43. Ke2 Kc4 44. Kd2 Kb3 45. Kd3 Nc8 46. Kd2 Nb6 47. Kd3 Nc4 48. g4 Nxa3 49. Nxa3 Kxa3 50. Kc2 b4 51. Kb1 Kb3 52. h4 Kc3 53. h5 Kd3 0-1

[Event "Bretagne op-B"]
[Site "Queven"]
[Date "1999.??.??"]
[Round "6"]
[White "Blanchard, Steevy"]
[Black "Simon, Bernard"]
[Result "1-0"]
[WhiteElo "1510"]
[BlackElo "1480"]
[PlyCount "39"]
[EventDate "1999.06.??"]
[EventType "swiss"]
[EventRounds "7"]
[EventCountry "FRA"]
[SourceTitle "EXT 2001"]
[Source "ChessBase"]
[SourceDate "2000.11.22"]
[SourceVersion "1"]
[SourceVersionDate "2000.11.22"]
[SourceQuality "1"]

1. d4 d5 2. c4 e6 3. Nc3 Bb4 4. Qc2 Nf6 5. e3 0-0 6. Nf3 Nc6 7. Bd3 h6 8. 0-0 Re8 9. a3 Bxc3 10. Qxc3 b6 11. cxd5 exd5 12. Qxc6 Bg4 13. Be2 Ne4 14. Qc2 Re6 15. Ne5 Bf5 16. Qd1 Qg5 17. f3 f6 18. fxe4 Bh3 19. Ng4 Rxe4 20. gxh3 1-0

[Event "Bretagne op-B"]
[Site "Queven"]
[Date "1999.??.??"]
[Round "1"]
[White "Jacopin, Pierre"]
[Black "Blanchard, Steevy"]
[Result "1/2-1/2"]
[WhiteElo "1260"]
[BlackElo "1510"]
[PlyCount "53"]
[EventDate "1999.06.??"]
[EventType "swiss"]
[EventRounds "7"]
[EventCountry "FRA"]
[SourceTitle "EXT 2001"]
[Source "ChessBase"]
[SourceDate "2000.11.22"]
[SourceVersion "1"]
[SourceVersionDate "2000.11.22"]
[SourceQuality "1"]

1. c4 Nf6 2. Nf3 e6 3. Nc3 Bc5 4. e3 c6 5. a3 d5 6. b4 Bb6 7. c5 Bc7 8. Bd3 0-0 9. Qc2 h6 10. Bb2 a5 11. Na4 Nbd7 12. Nc3 axb4 13. axb4 Rxa1+ 14. Bxa1 Ne5 15. Nxe5 Bxe5 16. f4 Bc7 17. Qb2 d4 18. Ne4 Nxe4 19. Bxe4 e5 20. 0-0 Qh4 21. exd4 exd4 22. Qxd4 f6 23. g3 Qg4 24. Bf3 Qd7 25. Qxd7 Bxd7 26. Bc3 b6 27. d4 1/2-1/2

[Event "Orange op"]
[Site "Orange"]
[Date "1990.??.??"]
[Round "5"]
[White "Zelcic, Robert"]
[Black "Blanchard, Steevy"]
[Result "1-0"]
[WhiteElo "2325"]
[BlackElo "1980"]
[PlyCount "89"]
[EventDate "1990.??.??"]
[EventType "swiss"]
[EventRounds "9"]
[EventCountry "FRA"]
[SourceTitle "EXT 1999"]
[Source "ChessBase"]
[SourceDate "1998.11.16"]
[SourceVersion "1"]
[SourceVersionDate "1998.11.16"]
[SourceQuality "1"]

1. e4 e6 2. d4 d5 3. Nd2 Nf6 4. e5 Nfd7 5. Bd3 c5 6. c3 Nc6 7. Ne2 cxd4 8. cxd4 f6 9. exf6 Nxf6 10. Nf3 Bd6 11. 0-0 0-0 12. Bf4 Nh5 13. Bxd6 Qxd6 14. Ng3 Nf4 15. Bb5 Ne7 16. Rc1 Neg6 17. Re1 Bd7 18. Bxd7 Qxd7 19. h4 Qe7 20. h5 Nh4 21. Nxh4 Qxh4 22. Re3 Rf6 23. Rec3 Raf8 24. Rc8 Qg5 25. Rxf8+ Rxf8 26. Rc7 Qf6 27. Qc2 Qxd4 28. h6 Nd3 29. Rxg7+ Kh8 30. Rf7 Kg8 31. Rxf8+ Kxf8 32. Qc8+ Kf7 33. Qd7+ Kf8 34. Nh1 Qe4 35. Qg7+ Ke8 36. Ng3 Qe1+ 37. Kh2 Qxf2 38. Qg8+ Qf8 39. Qxe6+ Qe7 40. Qc8+ Qd8 41. Qe6+ Qe7 42. Qg8+ Qf8 43. Qxh7 Ne5 44. Nf5 Nf7 45. Qg7 1-0